| 000 | 00817nam a2200253Ia 4500 | ||
|---|---|---|---|
| 003 | GCL | ||
| 008 | 140319s9999 xx 000 0 ara d | ||
| 040 |
_aGCL / _cGCL |
||
| 082 | 0 | 4 |
_aد _b050 _bع م |
| 100 | 1 | _aمجلس الثقافة و الفنون و الاداب | |
| 245 | 1 | 0 |
_aعالم المعرفة (1978 : 1995 ) 99 مج / _cمجلس الثقافة و الفنون و الاداب |
| 300 | _aمتعدد | ||
| 490 |
_aموسوعة عالم الطبخ _v0 |
||
| 650 | 0 | 4 | _aالسياسة |
| 650 | 0 | 4 | _aالسياحة |
| 650 | 0 | 4 | _aالاجتماع |
| 650 | 0 | 4 | _aالديانات |
| 650 | 0 | 4 | _aدوريات |
| 650 | 0 | 4 | _aالفنون |
| 650 | 0 | 4 | _aالفنون الاسلامية |
| 650 | 0 | 4 | _aالاجتماع الاقتصادى |
| 650 | 0 | 4 | _aالاجتماع الاعلامى |
| 942 |
_2ddc _cCF |
||
| 999 |
_c27103 _d27103 |
||